000 00694nam a2200205Ii 4500
003 JO-AjNU
008 230605s9999||||xx |||||||||||||| ||und||
017 _a2003/2216
040 _aJO-AjNU
_bara
_erda
_cJO-AjNU
041 _aara
050 1 4 _aGV565.2.H275 2003
100 3 _aاعداد الحشحوش، خالد,
_eauthor
_98728
245 0 0 _aالرياضة وإصابات الملاعب
264 3 1 _aعمان: دار يافا، 2003
300 _a208ص
_bصور توضبحية
336 _atext
_btxt
_2rdacontent
337 _aunmediated
_bn
_2rdamedia
338 _avolume
_bnc
_2rdacarrier
650 4 _aالالعاب الرياضية - اللاعبون - الطب الرياضي
_98729
999 _aA937
_c4505
_d4505